000 00392nam a2200157 i 4500
001 bg
100 1 _aKOWALCZYK, J.
245 0 _aLantanowce-materiały magnetyczne /
_cJ. Kowalczyk, J. Sznajder, T. Uliasz.
260 _aWrocław,
_c1979.
700 1 _aSZNAJDER, J.
700 1 _aULIASZ, T.
040 _cBPK
041 _apol
942 _cKS
008 s pl f |000 0 pol
999 _c18778
_d18778
856 _uhttp://koha.tu.koszalin.pl/cgi-bin/koha/opac-detail.pl?biblionumber=18778
_yKatalog online BPK